LEADER 01092nam1 2200397 450 001 990000745950203316 010 $a3-487-00558-1$bv. 1 010 $a3-487-00559-X$bv. 2 035 $a0074595 035 $aUSA010074595 035 $a(ALEPH)000074595USA01 035 $a0074595 100 $a20011115d1980----km-y0itay0103----ba 101 $ager 102 $aDE 105 $a||||||||001yy 200 1 $a<> antike Tierwelt$fvon Otto Keller$gmit Gesamtregister von Eugen Staiger 210 $aHildsheim$cG. Olms$d1980 215 $a2 v.$c5 c. d tav., ill.$d23 cm 410 $12001 461 1$1001-------$12001 606 0 $aZoologia 606 0 $aAnimali mitici 676 $a591 700 1$aKELLER,$bOtto$0391700 702 1$aSTAIGER,$bEugen 801 0$aIT$bsalbc$gISBD 912 $a990000745950203316 951 $aVIII A 925$bLM$cVIII A 959 $aBK 969 $aUMA 979 $aPATTY$b90$c20011115$lUSA01$h1335 979 $c20020403$lUSA01$h1722 979 $aPATRY$b90$c20040406$lUSA01$h1651 996 $aAntike Tierwelt$9175787 997 $aUNISA